000
00304nam a22001217a 4500
008
170425b xxu||||| |||| 00| 0 eng d
041
_a
eng
080
_a
546
100
_a
12
101
_a
SHM
245
_a
A COMPREHENSIVE TREATISE ON INORGANIC AND THEORETICAL CHEMISTRY
_c
MELLOR, J.W
942
_2
udc
_c
BK
999
_c
11908
_d
11908